000 00311nam a22001217a 4500
008 160426b xxu||||| |||| 00| 0 eng d
020 _a9780130323033
020 _a0130323039
041 _aeng
080 _a618.2
245 _aPediatric nursing caring for children;
_cJane Ball; Ruth Bindler;
942 _2udc
_cBK
999 _c1588
_d1588